Entry Topical Term
001 - CONTROL NUMBER
- control field: 5144
003 - CONTROL NUMBER IDENTIFIER
- control field: AM-YEHGA
005 - DATE AND TIME OF LATEST TRANSACTION
- control field: 20250617070457.0
008 - FIXED-LENGTH DATA ELEMENTS
- fixed length control field: 140509|||azz||babn f| a|a |d
040 ## - CATALOGING SOURCE
- Original cataloging agency: AM-YEHGA
150 ## - HEADING--TOPICAL TERM
- Topical term or geographic name entry element: Տնտեսական զարգացում
450 ## - SEE FROM TRACING--TOPICAL TERM
- Topical term or geographic name entry element: Տնտեսական աճ
450 ## - SEE FROM TRACING--TOPICAL TERM
- Topical term or geographic name entry element: Экономическое развитие
450 ## - SEE FROM TRACING--TOPICAL TERM
- Topical term or geographic name entry element: Economic development
450 ## - SEE FROM TRACING--TOPICAL TERM
- Topical term or geographic name entry element: Economic growth
450 ## - SEE FROM TRACING--TOPICAL TERM
- Topical term or geographic name entry element: Développement économique
450 ## - SEE FROM TRACING--TOPICAL TERM
- Topical term or geographic name entry element: Wirtschaftliche Entwicklung
550 ## - SEE ALSO FROM TRACING--TOPICAL TERM
- Control subfield: g
- Topical term or geographic name entry element: Տնտեսագիտություն
550 ## - SEE ALSO FROM TRACING--TOPICAL TERM
- Control subfield: g
- Topical term or geographic name entry element: Տնտեսական քաղաքականություն
550 ## - SEE ALSO FROM TRACING--TOPICAL TERM
- Control subfield: g
- Topical term or geographic name entry element: Վիճակագրություն և դինամիկա
551 ## - SEE ALSO FROM TRACING--GEOGRAPHIC NAME
- Geographic name: Զարգացած երկրներ
551 ## - SEE ALSO FROM TRACING--GEOGRAPHIC NAME
- Geographic name: Զարգացող երկրներ
670 ## - SOURCE DATA FOUND
- Source citation: WorldCat:Инновации и экономическое развитие : сборник научных трудов /И. Г. Минервин, 2006
670 ## - SOURCE DATA FOUND
- Source citation: WorldCat:Economic development/ Michael P Todaro, 1994
670 ## - SOURCE DATA FOUND
- Source citation: WorldCat: Multinationales et développement : entreprises étrangères dans les pays en développement / Isaiah Frank;1981
ՀՀ Գիտությունների ազգային ակադեմիայի հիմնարար գիտական գրադարան = Fundamental Scientific Library of NAS RA
All site content, except where otherwise noted, is licensed under a